Cita con la muerte /

Guardado en:
Autor Principal: Christie, Agatha
Formato: Libro
Publicado: Barcelona : Molino, 1980
Series:Selecciones de Biblioteca de Oro; 29
Materias:
Etiquetas: Agregar Etiqueta
Sin Etiquetas, Sea el primero en etiquetar este registro!
LEADER 00668nam a22002295a 4500
001 CEM.cems013775
005 20140422101007.0
008 130507s1980##################000#0#####d
003 CEMS
082 0 4 |a 823.9 
100 1 |a Christie, Agatha 
245 1 0 |a Cita con la muerte /  |c Agatha Christie 
260 |a Barcelona :  |b Molino,  |c 1980 
300 |a 238 p. 
490 0 |a Selecciones de Biblioteca de Oro; 29 
500 |a Título original: Appointmen with death 
653 |a Literatura 
653 |a Literatura inglesa 
653 |a Novelas 
653 |a Novelas policiales 
653 |a Novelas inglesas 
859 |a CEMS  |b BIB. CEMS - 11 de abril  |h 823.9  |i Ch984-6  |p 26527.12  |t Ej.1